| 000 | 00396nam a2200145Ia 4500 | ||
|---|---|---|---|
| 008 | 231129s2001||||xx |||||||||||||| ||spa|| | ||
| 020 | _a84-03-09241-5 | ||
| 040 | _bspa | ||
| 082 | _a928 P896n | ||
| 100 | _aPrado Benjamín | ||
| 245 | 0 | _aLos nombres de Antígona | |
| 260 | _c2001 | ||
| 264 | _aSantillana ; Buenos Aires: Aguilar | ||
| 942 |
_2ddc _cBKS |
||
| 999 |
_c19881 _d19881 |
||